000 00202nam a22001097a 4500
041 _aeng
080 _a80
100 _aMintz, T., Miller L.
245 _aThreshold.
650 _aHealth
999 _c279305
_d279305
942 _cBK